LIBRARY ONLINE CATALOGUE

The Prentice Hall guide for college writers. (Record no. 5943)

MARC details
000 -LEADER
fixed length control field 00638nam a22002172 4500
001 - CONTROL NUMBER
control field 0000002619
005 - DATE AND TIME OF LATEST TRANSACTION
control field 20151217151900.0
008 - FIXED-LENGTH DATA ELEMENTS--GENERAL INFORMATION
fixed length control field 070417s xx 000 0 eng d
020 ## - INTERNATIONAL STANDARD BOOK NUMBER
International Standard Book Number 0130992992 :
Terms of availability KES 600
040 ## - CATALOGING SOURCE
Original cataloging agency KABU
Transcribing agency KABU
050 #0 - LIBRARY OF CONGRESS CALL NUMBER
Classification number PE1408
Item number .R45 2003
100 1# - MAIN ENTRY--PERSONAL NAME
Personal name Reid, Stephen.
-- 0000152051
245 14 - TITLE STATEMENT
Title The Prentice Hall guide for college writers.
250 ## - EDITION STATEMENT
Edition statement 6th ed.
260 ## - PUBLICATION, DISTRIBUTION, ETC. (IMPRINT)
Place of publication, distribution, etc. Upper Saddle River, NJ :
Name of publisher, distributor, etc. Prentice Hall,
Date of publication, distribution, etc. 2003.
300 ## - PHYSICAL DESCRIPTION
Extent xxxi,715 p.
650 #0 - SUBJECT ADDED ENTRY--TOPICAL TERM
Topical term or geographic name as entry element English language
General subdivision Rhetoric.
-- 0000152050
908 ## - PUT COMMAND PARAMETER (RLIN)
Put command parameter 070417
950 ## - LOCAL HOLDINGS (RLIN)
-- 1
Holdings
Withdrawn status Lost status Source of classification or shelving scheme Not for loan Home library Current library Date acquired Total Checkouts Full call number Barcode Date last seen Price effective from Koha item type Cost, normal purchase price
    Library of Congress Classification   Kabarak, Main Campus Kabarak, Main Campus 17/12/2015   PE1408 .R45 2003 009654 17/12/2015 17/12/2015 General Collection  
    Library of Congress Classification   Kabarak, Main Campus Kabarak, Main Campus 17/12/2015   PE1408 .R45 2003 c.1 030020 10/08/2020 17/12/2015 General Collection 20789.00